Регионална библиотека "Любен Каравелов" - Русе

Лечение чрез пиене на минерални води (Запис номер 182556)

MARC детайли
000 -Лидер
Контролно поле с фиксирана дължина 01651nam a2200349 c 4500
003 - Код на организацията, давaща контролен номер
Контролно поле BLK
005 - Дата и час на последна редакция
Контролно поле 20200825090005.0
008 - Елементи от данни с фиксирана дължина
fixed length control field 180411b bul|||||r ||||||| ||bul||
010 ## - Наследен системен номер
LC control number KNG00191481000
040 ## - Източник на каталожния запис
Идентификатор на билиотеката - собственик на записа BLK
041 ## - Код за език
Код за езика на текст/звукозапис или на отделно заглавие Български
Код за езика КДБФ Български
080 ## - УДК
Текстов определител УДК Хидротерапия (водотерапия). Балнеолечение. Курортотерапия - Лечение с бани, горещи бани, сауна, хладни бани, речно къпане, влажни фрикции, компреси, с "жива вода"(алкално активирана, с ph 9, 6;курорт
УДК код - определител по УДК 615.838
УДК - код + определител 615.838
100 1# - Редна дума - Автор
Автор Дайски, Александър Георгиев
Авторска отговорност първи автор
R(LIN) 58012
139 ## - Редно поле
Редна дума Дайски, Александър Г.
Авторски знак Дав - Д 13
245 10 - Сведения за заглавието
Заглавие Лечение чрез пиене на минерални води
Подзаглавни данни [Науч.-попул. очерк]
Редно поле (дума) Александър Георгиев Дайски.
250 ## - Област на изданието
Сведения за изданието 2. прераб. и доп. изд.
257 ## - Страна на издаване
Страна на създаване/издаване България
260 ## - Област на издателските данни
Име на издателя, разпространителя и проч. Медицина и физкултура
Година на издаване 1981
Печатница Пловдив : печ. Д. Благоев
300 ## - Физическа характеристика
Страници 152 с.
Размери/Мащаб 17 см
380 ## - Жанр
Жанр Медицина
490 ## - СЕРИИ (Колекции)
Име на серия Лекарят ви съветва
9 (RLIN) 203269
650 #4 - Допълнително описание по предмет – тема
Основно описание – тема или топоним Хидротерапия
9 (RLIN) 176497
650 #4 - Допълнително описание по предмет – тема
Основно описание – тема или топоним Балнеология - България
9 (RLIN) 266417
653 ## - Ключова дума – ненормативна
Ключова дума хидротерапия
653 ## - Ключова дума – ненормативна
Ключова дума балнеолечение
653 ## - Ключова дума – ненормативна
Ключова дума балнеология
852 ## - Местоположение
Форматна сигнатура Цб І 18572
856 4# - Електронен адрес и достъп
Електронен формат pdf - файл
856 4# - Електронен адрес и достъп
Електронен формат pdf - файл
999 ## - СИСТЕМНИ КОНТРОЛНИ НОМЕРА
Koha biblionumber 182556
Koha biblioitemnumber 182556
942 ## - АРТИКУЛИ
Вид на библиотечния материал Книги
Скрит в OPAC Не
Периодичен библиозапис Да
944 ## - СЪЗДАВАНЕ И РЕДАКЦИЯ на ЗАПИСА
Създаване/Редакция Създаване
Дата на регистрацията/редакция 04.10.2016
Служител, извършил регистрацията/редакцията Ирена_Линкова
944 ## - СЪЗДАВАНЕ И РЕДАКЦИЯ на ЗАПИСА
Създаване/Редакция Редакция
Дата на регистрацията/редакция 04.10.2016
Служител, извършил регистрацията/редакцията Ирена_Линкова
999 ## - СИСТЕМНИ КОНТРОЛНИ НОМЕРА
Koha biblioitemnumber 182556
Наличности
Код за отписване Код за изгубен артикул Източник на класификационната схема Код за повреда Коз за рестрикции Код за отдаване Артикулен № Име на библиотеката - собственик Име на библиотеката, в която се намира в момента Статус (Текущо местоположение) Дата на вписване в системата Местоположение - отдел Цена в лева Инвентарен номер Систематично азбучна сигнатура Баркод Номер на екземпляра Цена в евро Служебна бележка Служебен тип на артикула
  Не е изгубен Universal Decimal Classification Не е повреден само за читалня ползва се в читалня 313671 Регионална библиотека "Любен Каравелов" Русе Регионална библиотека "Любен Каравелов" Русе Хранилище 1981-01-01 Хранилище 0.50 317909 Цб І 18572 120000317909 1 0.26 Дост: Dp Вид: Д N: сф Дата: 01.01.1981 Книги
Изтеглен Не е изгубен Universal Decimal Classification Не е повреден без рестрикции заемане за дома 313672 Регионална библиотека "Любен Каравелов" Русе Регионална библиотека "Любен Каравелов" Русе Заемна - подръчен фонд 1981-01-01 Заемна - подръчен фонд 0.50 318672 П 615.83/Д 13 318672 2 0.26 Дост: Pk Вид: Ф N: сф Дата: 01.01.1981 Книги
Изтеглен Не е изгубен Universal Decimal Classification Не е повреден без рестрикции заемане за дома 313673 Регионална библиотека "Любен Каравелов" Русе Регионална библиотека "Любен Каравелов" Русе Заемна - подръчен фонд 1981-01-01 Заемна - подръчен фонд 0.50 318673 П 615.83/Д 13 318673 3 0.26 Дост: Pk Вид: Ф N: сф Дата: 01.01.1981 Книги
Изтеглен Не е изгубен Universal Decimal Classification Не е повреден без рестрикции заемане за дома 313674 Регионална библиотека "Любен Каравелов" Русе Регионална библиотека "Любен Каравелов" Русе Заемна - подръчен фонд 1981-01-01 Заемна - подръчен фонд 0.50 318674 П 615.83/Д 13 318674 4 0.26 Дост: Pk Вид: Ф N: сф Дата: 01.01.1981 Книги
Vip Innovations Ltd, Rousse, Bulgaria 2025